000 00497nam a2200193Ia 4500
005 20250923144724.0
008 008 250917s9999 xx 000 0 eng d
037 _aTextual
040 _aDSWL
_beng
_cDSWL
041 _aeng
_2eng
084 _aYX,ZD, N56
_qDSWL
245 0 _aDemcratic man
_cEd. by Robert Gessner
260 _aBoston
_bBeacon Press
_c1956
300 _ax,390p.
365 _aUSD
_b5
925 _g5
942 _cTEXL
_hYX,ZD, N56
999 _c1442502
_d1442502